[Event "GER MS-149 email"]
[Site "GER email"]
[Date "2013.01.02"]
[Round "?"]
[White "Seiler, Werner"]
[Black "Langer, Raimund"]
[Result "1/2-1/2"]
[WhiteElo "1923"]
[BlackElo "1897"]
[PlyCount "52"]
[EventDate "2012.01.16"]
[EventType "tourn (corr)"]
[EventRounds "6"]
[EventCountry "GER"]
[SourceTitle "Corr 2015"]
[Source "ChessBase"]
[SourceDate "2015.07.17"]
[SourceVersion "1"]
[SourceVersionDate "2015.07.17"]
[SourceQuality "1"]

1. c4 e5 2. g3 Nf6 3. Bg2 d5 4. cxd5 Nxd5 5. Nc3 Nb6 6. Nf3 Nc6 7. 0-0 Be7 8. a3 0-0 9. b4 Be6 10. Rb1 f6 11. d3 a5 12. b5 Nd4 13. Nd2 Qc8 14. e3 Nf5 15. a4 Bb4 16. Bb2 Rd8 17. Qc2 Rb8 18. Nce4 Qd7 19. Bc3 Nd5 20. Bxb4 Nxb4 21. Rxb4 axb4 22. Nc5 Qc8 23. Nxe6 Qxe6 24. Bh3 Qd7 25. Ne4 Kh8 26. Qb1 g6 1/2-1/2

[Event "GER-Cup12 E/V01 email"]
[Site "GER email"]
[Date "2012.05.03"]
[Round "?"]
[White "Eschert, Uwe"]
[Black "Seiler, Werner"]
[Result "1-0"]
[WhiteElo "2044"]
[BlackElo "1911"]
[PlyCount "65"]
[EventDate "2012.05.14"]
[EventType "tourn (corr)"]
[EventRounds "4"]
[EventCountry "GER"]
[SourceTitle "Corr 2015"]
[Source "ChessBase"]
[SourceDate "2015.07.17"]
[SourceVersion "1"]
[SourceVersionDate "2015.07.17"]
[SourceQuality "1"]

1. e4 Nf6 2. e5 Nd5 3. d4 d6 4. Nf3 dxe5 5. Nxe5 g6 6. g3 Bg7 7. Bg2 0-0 8. 0-0 c6 9. Qe2 b6 10. Nd2 Bb7 11. c4 Nb4 12. Nef3 e6 13. Nb3 Nd7 14. Bg5 Bf6 15. h4 Kg7 16. Qd2 c5 17. dxc5 bxc5 18. Rfd1 Bxf3 19. Bxf3 Ne5 20. Bxa8 Qxd2 21. Bxd2 Rxa8 22. Nxc5 Nc2 23. Rac1 Nf3+ 24. Kg2 Ncd4 25. Bb4 Nc6 26. Bc3 Nfe5 27. b3 a5 28. Ne4 Be7 29. f4 f5 30. Ng5 Bxg5 31. hxg5 Kf7 32. fxe5 Ke7 33. Rh1 1-0

[Event "GER-Cup12 E/V01 email"]
[Site "GER email"]
[Date "2012.05.03"]
[Round "?"]
[White "Seiler, Werner"]
[Black "Wedrychowski, Lukas"]
[Result "1-0"]
[WhiteElo "1911"]
[BlackElo "1473"]
[PlyCount "27"]
[EventDate "2012.05.14"]
[EventType "tourn (corr)"]
[EventRounds "4"]
[EventCountry "GER"]
[SourceTitle "Corr 2015"]
[Source "ChessBase"]
[SourceDate "2015.07.17"]
[SourceVersion "1"]
[SourceVersionDate "2015.07.17"]
[SourceQuality "1"]

1. c4 Nf6 2. g3 e5 3. Bg2 Bc5 4. Nc3 Nc6 5. Nf3 d6 6. 0-0 Bg4 7. Na4 0-0 8. Nxc5 dxc5 9. d3 Qd7 10. Qc2 Bxf3 11. Bxf3 Nd4 12. Qc3 Nxf3+ 13. exf3 Qd6 14. f4 1-0

[Event "GER MS-148 email"]
[Site "GER email"]
[Date "2012.04.30"]
[Round "?"]
[White "Seiler, Werner"]
[Black "Zielinski, Werner"]
[Result "1/2-1/2"]
[WhiteElo "1911"]
[BlackElo "2080"]
[PlyCount "80"]
[EventDate "2012.05.10"]
[EventType "tourn (corr)"]
[EventRounds "6"]
[EventCountry "GER"]
[SourceTitle "Corr 2015"]
[Source "ChessBase"]
[SourceDate "2015.07.17"]
[SourceVersion "1"]
[SourceVersionDate "2015.07.17"]
[SourceQuality "1"]

1. c4 e5 2. g3 Nf6 3. Bg2 Nc6 4. Nc3 Bb4 5. Nf3 0-0 6. a3 Bxc3 7. bxc3 e4 8. Nd4 Ne5 9. 0-0 d6 10. d3 Re8 11. dxe4 Nxc4 12. Qd3 Ne5 13. Qc2 Nfd7 14. c4 Nc5 15. Nb3 Nxb3 16. Qxb3 b6 17. Bb2 Bb7 18. Bd4 Qd7 19. Rad1 Rab8 20. Rd2 Nc6 21. Bc3 Qe6 22. f4 a6 23. Qa4 h6 24. e5 dxe5 25. Bd5 Qe7 26. e4 Qc5+ 27. Kg2 b5 28. Qc2 Qxa3 29. cxb5 axb5 30. fxe5 Nd8 31. Rdf2 Re7 32. e6 Nxe6 33. Rxf7 Rxf7 34. Bxe6 Rbf8 35. Bxf7+ Rxf7 36. Rxf7 Kxf7 37. Be5 c5 38. Bd6 Qa1 39. Bxc5 Qe5 40. Kf2 Kg8 1/2-1/2

[Event "GER S3G3 enginefrei email"]
[Site "GER email"]
[Date "2012.01.29"]
[Round "?"]
[White "Roehrig, Uwe"]
[Black "Seiler, Werner"]
[Result "0-1"]
[WhiteElo "1723"]
[BlackElo "1911"]
[PlyCount "52"]
[EventDate "2012.02.07"]
[EventType "tourn (corr)"]
[EventRounds "8"]
[EventCountry "GER"]
[SourceTitle "Corr 2015"]
[Source "ChessBase"]
[SourceDate "2015.07.17"]
[SourceVersion "1"]
[SourceVersionDate "2015.07.17"]
[SourceQuality "1"]
[WhiteTeam "Germany"]
[BlackTeam "Germany"]
[WhiteTeamCountry "GER"]
[BlackTeamCountry "GER"]

1. c4 e5 2. Nc3 Nf6 3. Nf3 Nc6 4. g3 Nd4 5. Bg2 Nxf3+ 6. Bxf3 Bc5 7. 0-0 0-0 8. d3 d6 9. a3 a5 10. Rb1 c6 11. Na4 Ba7 12. b4 axb4 13. axb4 Bh3 14. Bg2 Qd7 15. c5 d5 16. Bb2 d4 17. f4 Bxg2 18. Kxg2 Nd5 19. Rf3 Nxb4 20. fxe5 Na6 21. Rf4 Qd5+ 22. Kg1 Nxc5 23. Bxd4 Ne6 24. Bxa7 Nxf4 25. gxf4 Rxa7 26. d4 Qe4 0-1

[Event "GER S3G3 enginefrei email"]
[Site "GER email"]
[Date "2012.01.27"]
[Round "?"]
[White "Seiler, Werner"]
[Black "Bieker, Peter"]
[Result "1/2-1/2"]
[WhiteElo "1911"]
[BlackElo "1706"]
[PlyCount "48"]
[EventDate "2012.02.07"]
[EventType "tourn (corr)"]
[EventRounds "8"]
[EventCountry "GER"]
[SourceTitle "Corr 2015"]
[Source "ChessBase"]
[SourceDate "2015.07.17"]
[SourceVersion "1"]
[SourceVersionDate "2015.07.17"]
[SourceQuality "1"]
[WhiteTeam "Germany"]
[BlackTeam "Germany"]
[WhiteTeamCountry "GER"]
[BlackTeamCountry "GER"]

1. c4 e6 2. Nc3 Nf6 3. e4 d5 4. cxd5 exd5 5. e5 Ne4 6. d4 Bb4 7. Qa4+ Nc6 8. Bb5 Bd7 9. Nge2 Nxc3 10. bxc3 Be7 11. 0-0 0-0 12. f4 a6 13. Bxc6 Bxc6 14. Qc2 Bb5 15. a4 Bc4 16. Rf3 c5 17. Rh3 g6 18. f5 cxd4 19. Nxd4 Qc7 20. f6 Qxe5 21. Bh6 Bxf6 22. Re3 Qd6 23. Bxf8 Rxf8 24. Rae1 Bg5 1/2-1/2

[Event "GER MS-145 email"]
[Site "GER email"]
[Date "2011.11.28"]
[Round "?"]
[White "Boehnke, Hartmut"]
[Black "Seiler, Werner"]
[Result "1/2-1/2"]
[WhiteElo "2043"]
[BlackElo "1911"]
[PlyCount "89"]
[EventDate "2011.12.06"]
[EventType "tourn (corr)"]
[EventRounds "6"]
[EventCountry "GER"]
[SourceTitle "Corr 2015"]
[Source "ChessBase"]
[SourceDate "2015.07.17"]
[SourceVersion "1"]
[SourceVersionDate "2015.07.17"]
[SourceQuality "1"]

1. e4 Nf6 2. e5 Nd5 3. d4 d6 4. Nf3 dxe5 5. Nxe5 g6 6. Bc4 c6 7. 0-0 Bg7 8. Re1 0-0 9. Bb3 a5 10. c4 Nc7 11. Nc3 Nd7 12. Nf3 Nf6 13. h3 b5 14. Qe2 a4 15. Bc2 Be6 16. d5 cxd5 17. cxb5 a3 18. Rb1 Qd6 19. bxa3 d4 20. Ne4 Qb6 21. Ne5 Bxa2 22. Nxf6+ exf6 23. Nd7 Qd6 24. Nxf8 Bxb1 25. Nxg6 hxg6 26. Bxb1 Qc5 27. a4 Rxa4 28. Bd3 f5 29. h4 Ne6 30. h5 gxh5 31. Qxh5 Ra1 32. Bd2 Rxe1+ 33. Bxe1 Qc1 34. Kf1 Bh6 35. Qxf5 Bd2 36. Qh7+ Kf8 37. Qh8+ Ke7 38. Qe5 Ba5 39. Qe4 Kd6 40. b6 Bxe1 41. Qxe1 Qb2 42. Qb1 Qxb1+ 43. Bxb1 Nc5 44. f4 Kc6 45. Ke2 1/2-1/2

[Event "GER MS-145 email"]
[Site "GER email"]
[Date "2011.11.28"]
[Round "?"]
[White "Seiler, Werner"]
[Black "Fischer, Detlev"]
[Result "0-1"]
[WhiteElo "1911"]
[BlackElo "2120"]
[PlyCount "94"]
[EventDate "2011.12.06"]
[EventType "tourn (corr)"]
[EventRounds "6"]
[EventCountry "GER"]
[SourceTitle "Corr 2015"]
[Source "ChessBase"]
[SourceDate "2015.07.17"]
[SourceVersion "1"]
[SourceVersionDate "2015.07.17"]
[SourceQuality "1"]

1. Nf3 d5 2. c4 d4 3. g3 c5 4. e3 Nc6 5. exd4 cxd4 6. Bg2 e5 7. d3 Nf6 8. 0-0 Be7 9. Re1 Nd7 10. Nbd2 0-0 11. a3 a5 12. b3 Qc7 13. Rb1 h6 14. Ne4 f5 15. Ned2 Nc5 16. Qc2 Kh7 17. b4 axb4 18. axb4 Na4 19. b5 Nb4 20. Qb3 Nc3 21. Nxe5 Nxb1 22. Qxb1 Na2 23. Nef3 Bf6 24. Bb2 Nc3 25. Qc1 Ra2 26. Nb3 Qd6 27. c5 Qd8 28. Bxc3 dxc3 29. d4 c2 30. Bf1 Bg5 31. Nxg5+ Qxg5 32. Bd3 Qxc1 33. Rxc1 Be6 34. Na1 Ra3 35. Bf1 Bd5 36. Bg2 Be4 37. f3 Rxa1 38. Rxa1 Rd8 39. Kf2 Rxd4 40. Ke2 Bd5 41. Rc1 Bc4+ 42. Ke3 Rd3+ 43. Kf4 Bb3 44. Bh3 g5+ 45. Kxf5 Kg7 46. f4 Rd1 47. Rxc2 Re1 0-1

[Event "GER MS-145 email"]
[Site "GER email"]
[Date "2011.11.28"]
[Round "?"]
[White "Seiler, Werner"]
[Black "Milde, Lars"]
[Result "1-0"]
[WhiteElo "1911"]
[BlackElo "1992"]
[PlyCount "109"]
[EventDate "2011.12.06"]
[EventType "tourn (corr)"]
[EventRounds "6"]
[EventCountry "GER"]
[SourceTitle "Corr 2015"]
[Source "ChessBase"]
[SourceDate "2015.07.17"]
[SourceVersion "1"]
[SourceVersionDate "2015.07.17"]
[SourceQuality "1"]

1. Nf3 d5 2. c4 e6 3. g3 dxc4 4. Bg2 a6 5. 0-0 Nf6 6. Qc2 Bd6 7. Qxc4 0-0 8. Qc2 c5 9. d3 Nc6 10. Nbd2 Qe7 11. Nc4 Bc7 12. Bg5 h6 13. Bxf6 Qxf6 14. Ncd2 Qe7 15. Rfc1 Bb6 16. Ne4 Nd4 17. Nxd4 cxd4 18. Qb3 Ba7 19. a3 Rd8 20. Qb4 Qxb4 21. axb4 Rb8 22. f4 Bb6 23. Kf2 f6 24. Nc5 Re8 25. Rc4 e5 26. fxe5 fxe5 27. Rac1 Bxc5 28. Rxc5 Bf5 29. Bd5+ Kh7 30. h4 b6 31. Rc7 Rec8 32. R1c6 Rxc7 33. Rxc7 Rd8 34. Bf3 Rd6 35. h5 Kg8 36. g4 Bd7 37. Ra7 b5 38. Kg3 Kf8 39. Kh4 Ke8 40. g5 hxg5+ 41. Kxg5 Rf6 42. Rc7 Rh6 43. Rc5 Kf8 44. Rxe5 Bc6 45. Bg4 Rd6 46. Rc5 Be8 47. Bf3 Rh6 48. Rd5 Bc6 49. Rxd4 Ke7 50. Bxc6 Rxc6 51. Rd5 Rc2 52. e4 Rxb2 53. Kg6 Kf8 54. Rd8+ Ke7 55. Rg8 1-0

[Event "GER MS-105 email"]
[Site "GER email"]
[Date "2011.10.30"]
[Round "?"]
[White "Seiler, Werner"]
[Black "Figura, Atila Gajo"]
[Result "1/2-1/2"]
[WhiteElo "1907"]
[BlackElo "2045"]
[PlyCount "70"]
[EventDate "2010.11.04"]
[EventType "tourn (corr)"]
[EventRounds "6"]
[EventCountry "GER"]
[SourceTitle "Corr 2015"]
[Source "ChessBase"]
[SourceDate "2015.07.17"]
[SourceVersion "1"]
[SourceVersionDate "2015.07.17"]
[SourceQuality "1"]
[WhiteTeam "Germany"]
[BlackTeam "Germany"]
[WhiteTeamCountry "GER"]
[BlackTeamCountry "GER"]

1. c4 c5 2. Nc3 Nc6 3. Nf3 Nf6 4. g3 g6 5. Bg2 Bg7 6. 0-0 d6 7. d4 cxd4 8. Nxd4 Bd7 9. Nxc6 bxc6 10. c5 d5 11. e4 dxe4 12. Nxe4 Nd5 13. Nc3 Nxc3 14. bxc3 0-0 15. Bg5 h6 16. Be3 Qc7 17. Qa4 Rab8 18. Rab1 Rfc8 19. Bf4 e5 20. Be3 Rxb1 21. Rxb1 Bf5 22. Rb2 h5 23. h4 Qd7 24. Rd2 Qe8 25. Qxa7 e4 26. Bd4 Bxd4 27. cxd4 e3 28. Re2 exf2+ 29. Kxf2 Be6 30. d5 cxd5 31. Bxd5 Qf8 32. Bxe6 fxe6+ 33. Kg2 Qxc5 34. Qxc5 Rxc5 35. Rxe6 Rc2+ 1/2-1/2

[Event "GER MS-105 email"]
[Site "GER email"]
[Date "2011.10.30"]
[Round "?"]
[White "Seiler, Werner"]
[Black "Van Schyndel, Andreas"]
[Result "1-0"]
[WhiteElo "1907"]
[BlackElo "1993"]
[PlyCount "49"]
[EventDate "2010.11.04"]
[EventType "tourn (corr)"]
[EventRounds "6"]
[EventCountry "GER"]
[SourceTitle "Corr 2015"]
[Source "ChessBase"]
[SourceDate "2015.07.17"]
[SourceVersion "1"]
[SourceVersionDate "2015.07.17"]
[SourceQuality "1"]
[WhiteTeam "Germany"]
[BlackTeam "Germany"]
[WhiteTeamCountry "GER"]
[BlackTeamCountry "GER"]

1. c4 e6 2. Nc3 d5 3. d4 c6 4. Nf3 dxc4 5. a4 Bb4 6. e3 b5 7. Bd2 a5 8. axb5 Bxc3 9. Bxc3 cxb5 10. b3 Bb7 11. Bb2 Nf6 12. bxc4 b4 13. Bd3 Nbd7 14. 0-0 0-0 15. Nd2 Qc7 16. f3 e5 17. Qc2 h6 18. c5 Nd5 19. Rfe1 exd4 20. Bxd4 Nc3 21. Bh7+ Kh8 22. Bf5 Nxc5 23. Bxc3 bxc3 24. Qxc3 Qe5 25. Qxe5 1-0

[Event "GER-Cup08 E/V03 email"]
[Site "GER email"]
[Date "2011.06.07"]
[Round "?"]
[White "Seiler, Werner"]
[Black "Lenz, Juergen"]
[Result "0-1"]
[WhiteElo "1908"]
[BlackElo "1640"]
[PlyCount "74"]
[EventDate "2011.06.15"]
[EventType "tourn (corr)"]
[EventRounds "4"]
[EventCountry "GER"]
[SourceTitle "Corr 2015"]
[Source "ChessBase"]
[SourceDate "2015.07.17"]
[SourceVersion "1"]
[SourceVersionDate "2015.07.17"]
[SourceQuality "1"]
[WhiteTeam "Germany"]
[BlackTeam "Germany"]
[WhiteTeamCountry "GER"]
[BlackTeamCountry "GER"]

1. Nc3 e6 2. Nf3 d5 3. e4 Nf6 4. e5 Nfd7 5. Ne2 c5 6. c3 Nc6 7. d4 b5 8. g3 Rb8 9. Bg2 Be7 10. 0-0 b4 11. Re1 bxc3 12. bxc3 0-0 13. Nf4 Qa5 14. Bd2 cxd4 15. Nxd4 Ncxe5 16. c4 Qb6 17. Be3 Nxc4 18. Rb1 Qxb1 19. Qxb1 Rxb1 20. Rxb1 Nde5 21. h3 Nxe3 22. fxe3 Nc4 23. Kf2 Bc5 24. Rc1 Bb6 25. Nd3 Bb7 26. Nf4 Rc8 27. Nd3 e5 28. Nf5 Rc7 29. Re1 Bc8 30. g4 Bxf5 31. gxf5 Nxe3 32. Rxe3 Rc2+ 33. Kf3 e4+ 34. Kg3 Bxe3 35. Nb4 Rd2 36. a4 Bc5 37. Nc6 Bd6+ 0-1

[Event "GER-Cup08 E/V03 email"]
[Site "GER email"]
[Date "2011.06.07"]
[Round "?"]
[White "Seiler, Werner"]
[Black "Wilshusen, Horst"]
[Result "0-1"]
[WhiteElo "1908"]
[BlackElo "1523"]
[PlyCount "74"]
[EventDate "2011.06.15"]
[EventType "tourn (corr)"]
[EventRounds "4"]
[EventCountry "GER"]
[SourceTitle "Corr 2015"]
[Source "ChessBase"]
[SourceDate "2015.07.17"]
[SourceVersion "1"]
[SourceVersionDate "2015.07.17"]
[SourceQuality "1"]
[WhiteTeam "Germany"]
[BlackTeam "Germany"]
[WhiteTeamCountry "GER"]
[BlackTeamCountry "GER"]

1. Nc3 d5 2. e4 d4 3. Nce2 e5 4. Nf3 f6 5. Ng3 Be6 6. Bb5+ c6 7. Ba4 Nd7 8. Bb3 Nc5 9. Bxe6 Nxe6 10. d3 Bb4+ 11. Nd2 Qd7 12. a3 Bxd2+ 13. Bxd2 g6 14. 0-0 h5 15. h4 0-0-0 16. b4 Ne7 17. a4 Rdg8 18. c4 Qe8 19. a5 g5 20. Nf5 Nxf5 21. exf5 Ng7 22. hxg5 Nxf5 23. gxf6 Nh4 24. g3 Qe6 25. Kh2 Qxf6 26. Qe2 Nf3+ 27. Kg2 Rf8 28. b5 h4 29. Bf4 exf4 30. Qxf3 hxg3 31. Qg4+ Kb8 32. fxg3 Rhg8 33. Qxf4+ Qxf4 34. Rxf4 Rxf4 35. b6 Rfg4 36. Re1 Rxg3+ 37. Kh2 R3g7 0-1

[Event "GER MS-130 email"]
[Site "GER email"]
[Date "2011.06.06"]
[Round "?"]
[White "Watson, Roland"]
[Black "Seiler, Werner"]
[Result "1/2-1/2"]
[WhiteElo "1959"]
[BlackElo "1908"]
[PlyCount "91"]
[EventDate "2011.04.15"]
[EventType "tourn (corr)"]
[EventRounds "6"]
[EventCountry "GER"]
[SourceTitle "Corr 2015"]
[Source "ChessBase"]
[SourceDate "2015.07.17"]
[SourceVersion "1"]
[SourceVersionDate "2015.07.17"]
[SourceQuality "1"]
[WhiteTeam "Germany"]
[BlackTeam "Germany"]
[WhiteTeamCountry "GER"]
[BlackTeamCountry "GER"]

1. c4 c5 2. g3 d5 3. cxd5 Qxd5 4. Nf3 Nf6 5. Nc3 Qd8 6. Bg2 Nc6 7. 0-0 e6 8. d3 Be7 9. Bg5 0-0 10. Rc1 Bd7 11. d4 cxd4 12. Nxd4 h6 13. Bxf6 Bxf6 14. Bxc6 Bxc6 15. Nxc6 bxc6 16. Qa4 Qc7 17. b3 Be7 18. Ne4 c5 19. Rc2 f5 20. Nd2 Rad8 21. Nf3 Bf6 22. Re1 Rd5 23. e4 fxe4 24. Qxe4 Re8 25. Rd2 Rxd2 26. Nxd2 Qa5 27. Qc2 Rd8 28. Nf3 Rd6 29. Kg2 Qb5 30. Nd2 Qc6+ 31. f3 Kf7 32. Ne4 Rd5 33. Rc1 Bg5 34. Rd1 Be3 35. Re1 Bd4 36. Qe2 Bf6 37. Rc1 Be7 38. Qe3 Qa6 39. Rc2 Kg8 40. Qf4 Rd1 41. Rf2 Rd5 42. Qe3 Qb6 43. h4 Kf7 44. Rc2 Rd4 45. Qc1 Rd5 46. Qf4+ 1/2-1/2

[Event "GER MS-129 email"]
[Site "GER email"]
[Date "2011.05.17"]
[Round "?"]
[White "Wurtinger, Rainer"]
[Black "Seiler, Werner"]
[Result "1-0"]
[WhiteElo "2129"]
[BlackElo "1930"]
[PlyCount "85"]
[EventDate "2011.05.24"]
[EventType "tourn (corr)"]
[EventRounds "6"]
[EventCountry "GER"]
[SourceTitle "Corr 2015"]
[Source "ChessBase"]
[SourceDate "2015.07.17"]
[SourceVersion "1"]
[SourceVersionDate "2015.07.17"]
[SourceQuality "1"]
[WhiteTeam "Germany"]
[BlackTeam "Germany"]
[WhiteTeamCountry "GER"]
[BlackTeamCountry "GER"]

1. d4 Nf6 2. c4 g6 3. Nc3 Bg7 4. e4 0-0 5. Nf3 d6 6. Be2 e5 7. 0-0 Nc6 8. d5 Ne7 9. b4 Nh5 10. Re1 f5 11. Ng5 Nf6 12. f3 Nh5 13. c5 Nf4 14. Bc4 a5 15. Nb5 h6 16. Bxf4 exf4 17. e5 Bxe5 18. Rxe5 hxg5 19. Re2 Kh7 20. Qd2 Ng8 21. Rae1 Bd7 22. Nd4 Bc8 23. c6 b6 24. b5 a4 25. g3 a3 26. gxf4 gxf4 27. Qxf4 Qf6 28. Bb3 Rf7 29. Re8 Rf8 30. Rxf8 Qxf8 31. Qh4+ Kg7 32. Re6 Qf7 33. Kf2 Qf8 34. Qg5 Qf7 35. Bc2 Bxe6 36. Nxe6+ Kh8 37. Qh4+ Nh6 38. Qxh6+ Qh7 39. Qxh7+ Kxh7 40. Nxc7 Rh8 41. Ne6 Kg8 42. Bb3 Kf7 43. Nc5 1-0

[Event "GER HS-088 email"]
[Site "GER email"]
[Date "2010.12.03"]
[Round "?"]
[White "Seiler, Werner"]
[Black "Wilshusen, Horst"]
[Result "1-0"]
[WhiteElo "1908"]
[BlackElo "1556"]
[PlyCount "87"]
[EventDate "2010.12.10"]
[EventType "tourn (corr)"]
[EventRounds "6"]
[EventCountry "GER"]
[SourceTitle "Corr 2015"]
[Source "ChessBase"]
[SourceDate "2015.07.17"]
[SourceVersion "1"]
[SourceVersionDate "2015.07.17"]
[SourceQuality "1"]
[WhiteTeam "Germany"]
[BlackTeam "Germany"]
[WhiteTeamCountry "GER"]
[BlackTeamCountry "GER"]

1. Nf3 Nf6 2. c4 c5 3. Nc3 Nc6 4. d4 cxd4 5. Nxd4 e6 6. a3 d6 7. e4 Be7 8. Be2 a6 9. 0-0 0-0 10. Nxc6 bxc6 11. b4 Qc7 12. Qd3 Bb7 13. Bf4 Rfd8 14. Qg3 e5 15. Bg5 Ne8 16. Bc1 Bf6 17. Rd1 Qe7 18. Be3 Bh4 19. Qf3 Nc7 20. Bb6 Rd7 21. c5 Ne6 22. cxd6 Rxd6 23. Rxd6 Qxd6 24. Bc4 Bf6 25. Rd1 Qe7 26. Qd3 g6 27. Qd7 Nf8 28. Qxe7 Bxe7 29. Bc7 Re8 30. f3 Bg5 31. Kf2 Kg7 32. Na4 h5 33. Nc5 Bc8 34. Rd6 Bc1 35. a4 Bb2 36. Rxc6 Bd4+ 37. Ke2 f5 38. Bxa6 Bxa6+ 39. Nxa6 Ne6 40. b5 fxe4 41. fxe4 Nf4+ 42. Kd2 Nxg2 43. Nc5 Bg1 44. b6 1-0

[Event "GER HS-087 email"]
[Site "GER email"]
[Date "2010.11.02"]
[Round "?"]
[White "Wilshusen, Horst"]
[Black "Seiler, Werner"]
[Result "0-1"]
[WhiteElo "1713"]
[BlackElo "1895"]
[PlyCount "74"]
[EventDate "2010.11.02"]
[EventType "tourn (corr)"]
[EventRounds "6"]
[EventCountry "GER"]
[SourceTitle "Corr 2013"]
[Source "ChessBase"]
[SourceDate "2012.11.12"]
[SourceVersion "1"]
[SourceVersionDate "2012.11.12"]
[SourceQuality "1"]

1. e4 Nf6 2. e5 Nd5 3. d4 d6 4. Nf3 dxe5 5. Nxe5 c6 6. c4 Nb4 7. a3 Qxd4 8. Nd3 Nxd3+ 9. Bxd3 Nd7 10. 0-0 g6 11. Nc3 Ne5 12. Be2 Qxd1 13. Rxd1 Be6 14. b3 Bg7 15. Bb2 0-0 16. h3 Nd7 17. Na4 Bxb2 18. Nxb2 Nc5 19. b4 Nb3 20. Rab1 Rfd8 21. Na4 Nd4 22. Bf1 Bf5 23. Rbc1 Nb3 24. Rxd8+ Rxd8 25. Rc3 Nd4 26. Nc5 b6 27. Nd3 Bxd3 28. Bxd3 e5 29. f3 Kg7 30. a4 a5 31. bxa5 bxa5 32. c5 Rb8 33. Kf2 Rb2+ 34. Kg3 Ra2 35. Rc4 f5 36. h4 Kh6 37. Kh3 Ra3 0-1

[Event "GER-Cup07 E/V01 email"]
[Site "GER email"]
[Date "2010.10.24"]
[Round "?"]
[White "Burgstaller, Robert"]
[Black "Seiler, Werner"]
[Result "0-1"]
[WhiteElo "1709"]
[BlackElo "1908"]
[PlyCount "138"]
[EventDate "2010.11.03"]
[EventType "tourn (corr)"]
[EventRounds "4"]
[EventCountry "GER"]
[SourceTitle "Corr 2015"]
[Source "ChessBase"]
[SourceDate "2015.07.17"]
[SourceVersion "1"]
[SourceVersionDate "2015.07.17"]
[SourceQuality "1"]
[WhiteTeam "Germany"]
[BlackTeam "Germany"]
[WhiteTeamCountry "GER"]
[BlackTeamCountry "GER"]

1. e4 Nf6 2. e5 Nd5 3. d4 d6 4. Nf3 dxe5 5. Nxe5 c6 6. Be2 Bf5 7. a3 e6 8. c4 Nb6 9. Bf4 Be7 10. a4 0-0 11. Nc3 N8d7 12. a5 Nc8 13. c5 f6 14. Nf3 e5 15. dxe5 fxe5 16. Nxe5 Nxe5 17. Bxe5 Bxc5 18. Qxd8 Rxd8 19. Bc4+ Kh8 20. 0-0 Nd6 21. Bb3 Rf8 22. Na4 Bb4 23. Bc3 Bxc3 24. Nxc3 Bd3 25. Rfd1 Bc4 26. Bxc4 Nxc4 27. b3 Ne5 28. Ne4 Nf7 29. Nc5 b6 30. axb6 axb6 31. Nd7 Rxa1 32. Rxa1 Rd8 33. Nxb6 h5 34. Ra8 Kh7 35. Rxd8 Nxd8 36. b4 g5 37. g3 Kg6 38. Kg2 Kf5 39. Nc4 g4 40. Na5 Ke6 41. f4 Kd5 42. Kf2 Kd4 43. Ke2 Ke4 44. Nxc6 Nxc6 45. Kf2 Nxb4 46. Ke2 Nc2 47. Kf2 Nb4 48. Ke2 Nd5 49. Kf2 Kd3 50. Kg2 Ne3+ 51. Kf2 Kd2 52. h3 gxh3 53. Kg1 Ng4 54. f5 Ke2 55. f6 Nxf6 56. Kh2 Kf3 57. Kxh3 Ne4 58. Kh4 Nxg3 59. Kh3 Nf5 60. Kh2 Kg4 61. Kg2 Ng3 62. Kh2 h4 63. Kg2 h3+ 64. Kh2 Nh5 65. Kg1 Kg3 66. Kh1 Nf6 67. Kg1 Ne4 68. Kh1 Nf2+ 69. Kg1 h2+ 0-1

[Event "GER HS-085 email"]
[Site "GER email"]
[Date "2010.10.11"]
[Round "?"]
[White "Bartsch, Christian"]
[Black "Seiler, Werner"]
[Result "0-1"]
[WhiteElo "1774"]
[BlackElo "1895"]
[PlyCount "94"]
[EventDate "2010.10.21"]
[EventType "tourn (corr)"]
[EventRounds "6"]
[EventCountry "GER"]
[SourceTitle "Corr 2015"]
[Source "ChessBase"]
[SourceDate "2015.07.17"]
[SourceVersion "1"]
[SourceVersionDate "2015.07.17"]
[SourceQuality "1"]
[WhiteTeam "Germany"]
[BlackTeam "Latvia"]
[WhiteTeamCountry "GER"]
[BlackTeamCountry "LAT"]

1. c4 e5 2. Nc3 Bb4 3. Nd5 Bc5 4. e3 Ne7 5. b4 Bd6 6. Bb2 Nxd5 7. cxd5 0-0 8. a3 a5 9. b5 c6 10. Nf3 Qe7 11. Qb3 cxb5 12. Bxb5 Na6 13. 0-0 Nc7 14. Be2 a4 15. Qa2 b6 16. e4 f5 17. d3 Kh8 18. Rac1 Ba6 19. Rfe1 fxe4 20. dxe4 Bxe2 21. Rxe2 Nb5 22. Qa1 Bxa3 23. Bxa3 Qxa3 24. Qxa3 Nxa3 25. Nxe5 Rfc8 26. Ree1 Rxc1 27. Rxc1 b5 28. Nxd7 Nc4 29. f4 a3 30. Nc5 g5 31. g3 a2 32. Ra1 b4 33. Nb3 Ra3 34. Nc1 Kg7 35. e5 Kf8 36. d6 Ke8 37. fxg5 Na5 38. Rxa2 b3 39. Rd2 Ra1 40. Kf2 Rxc1 41. d7+ Kd8 42. e6 Nc6 43. h4 Rc2 44. Ke3 Rxd2 45. Kxd2 Nd4 46. Kc3 Nxe6 47. Kxb3 Kxd7 0-1